_An Introduction to Video and Audio Measurement (3rd ed) (Record no. 5937)
[ view plain ]
| 000 -LEADER | |
|---|---|
| fixed length control field | 00422nam a2200145Ia 4500 |
| 008 - FIXED-LENGTH DATA ELEMENTS--GENERAL INFORMATION | |
| fixed length control field | 151021s9999 xx 000 0 und d |
| 020 ## - INTERNATIONAL STANDARD BOOK NUMBER | |
| International Standard Book Number | 8131207048 |
| 050 ## - LIBRARY OF CONGRESS CALL NUMBER | |
| Classification number | TK6643.H622004 |
| 245 ## - TITLE STATEMENT | |
| Title | _An Introduction to Video and Audio Measurement (3rd ed) |
| 260 ## - PUBLICATION, DISTRIBUTION, ETC. (IMPRINT) | |
| Place of publication, distribution, etc. | USA Focal Press 2004 |
| 300 ## - PHYSICAL DESCRIPTION | |
| Extent | x,232p.;ill |
| 500 ## - GENERAL NOTE | |
| General note | Includes Index |
| 650 ## - SUBJECT ADDED ENTRY--TOPICAL TERM | |
| Topical term or geographic name as entry element | _Digital Specialities |
| 980 ## - EQUIVALENCE OR CROSS-REFERENCE-SERIES STATEMENT--PERSONAL NAME/TITLE [LOCAL, CANADA] | |
| Personal name | ^d20110107 01:09:46^okilerai |
No items available.